00573nam a22001697a 450000500170000001000150001702000260003202000230005803500130008103700130009410000160010724500980012326000450022127000630026630000240032950000500035320130506115412.0 aENG-106974 a9780198090342c995.00 a019809037xc995.00 aEN-90507 bDBAD/PUB1 aBreman, Jan10aAt work in the informal economy of India :cby Jan Bremanba perspective from the bottom up / aNew DelhibOxford University Pressc2013 aYMCA Library Building, 1 Jai Singh RoadbNew Delhie110001 avi,457p. c22cm(Hb) aIncludes bibliographical references and index